Get the Picture: Brady Bunch or Partridge Family? Quiz Stats

 Plays Quiz Updated Mar 3, 2019

Score 0/18 Timer 02:00
0 Plays Today
Question Answer Wrong Answers
Marcia Brady Bunch
96.6%
Partridge Family
1.5%
Greg Brady Bunch
96.3%
Partridge Family
1.8%
Jan Brady Bunch
96.2%
Partridge Family
1.8%
Keith Partridge Family
96.1%
Brady Bunch
2%
Cindy Brady Bunch
95.7%
Partridge Family
2.2%
Laurie Partridge Family
95.6%
Brady Bunch
2.4%
Bobby Brady Bunch
95.3%
Partridge Family
2.7%
Reuben Partridge Family
95.3%
Brady Bunch
2.7%
Peter Brady Bunch
95.2%
Partridge Family
2.8%
Carol Brady Bunch
95%
Partridge Family
3%
Mike Brady Bunch
94.8%
Partridge Family
3.3%
Tracy Partridge Family
94.7%
Brady Bunch
3.4%
Alice Brady Bunch
94.4%
Partridge Family
3.6%
Danny Partridge Family
94.1%
Brady Bunch
4%
Shirley P
93.1%
B
4.9%
Simone Partridge Family
92.2%
Brady Bunch
5.9%
Chris Partridge Family
91.6%
Brady Bunch
6.2%
Tiger Brady Bunch
64%
Partridge Family
34.2%

Today's Daily Dose

You're not logged in!

Compare scores with friends on all Sporcle quizzes.
OR
Log In

Show Comments

Extras

Top Quizzes Today


Score Distribution

Your Account Isn't Verified!

In order to create a playlist on Sporcle, you need to verify the email address you used during registration. Go to your Sporcle Settings to finish the process.

Report this User

Report this user for behavior that violates our Community Guidelines.

Details: